Statistiken für Längster Landesname A-Z

Klicken Sie hier um das Quiz zu spielen!

Allgemein

  • Dieses Quiz wurde 746 mal gespielt
  • Das Durchschnittsergebnis liegt bei 14 aus 23

Antwortstatistiken

BuchstabeZeichenLand% Korrekt
D28Demokratische Republik {Kongo}
91%
R14Republik {Kongo}
91%
Z28{Zentralafrikanische} {Republik}
82%
F34Föderierte Staaten von {Mikronesien}
81%
H8Honduras
78%
I10Indonesien
73%
J9Jordanien
73%
U10Usbekistan
70%
V28{Vereinigte} {Arabische} {Emirate}
69%
W12Weißrussland
68%
A19{Antigua} {und} {Barbuda}
67%
T19{Trinidad} {und} {Tobago}
67%
S30{St.} {Vincent} {und} {die} {Grenadinen}
57%
P15Papua-Neuguinea
55%
K11Kirgisistan
50%
O10Österreich
49%
L13Liechtenstein
44%
B23{Bosnien} {und} {Herzegowina}
42%
M14Marshallinseln
42%
N14Nordmazedonien
41%
C10Costa Rica
38%
E14Elfenbeinküste
38%
G13Guinea-Bissau
34%

Verteilung der Resultate

Perzentil nach korrekt beantworteten Fragen

Anzahl Personen mit jedem Resultat

Ihre Resultats-Entwicklung

Sie haben dieses Quiz noch nicht gespielt